000 00561nam a2200181Ia 4500
008 090630s9999 xx 000 0 und d
082 _b12811
100 _aमेहता शशिकला.
245 _aझुबेदा.
_cमेहता शशिकला.
260 _bशांती - पुणे.
300 _a294
600 _aमेहता शशिकला.
630 _aझुबेदा.
655 _aकादंबरी.
700 _aमेहता शशिकला.
730 _aझुबेदा.
942 _cBOOK
999 _c264667
_d264667